000 00914nam a22002417a 4500
005 20251107081312.0
008 251107t ||||| |||| 00| 0 spa d
020 _a9789587925913
020 _a9789587925920
040 _aCO-BoUCM
_cDavid Moreno
_dDavid Moreno
041 _aspa
100 1 _aOrtiz Ocaña, Alexander
_9187226
245 1 0 _aInvestigación cualitativa y decolonial
_bparadigmas, enfoques y metodologías
_cAlexander Ortiz Ocaña.
250 _a1a.Ed
260 _aBogotá, Colombia
_bEdiciones de la U
_c2023
300 _a356 Páginas
504 _aIncluye referencias bibliográficas
650 1 4 _aEducación
_xInvestigación cualitativa
_9187227
650 1 4 _aEpistemología
_xModelos epistémicos
_9187228
650 1 4 _aMetodología de la investigación
_xParadigmas de investigación
_9187229
942 _2DEWEY
_a1
_cLIBRO
_e1
_h001.42
_mO77i
_n0
999 _c325835
_d325835